Nocturne téré du deuxiéms quatuor réduction pour violon et piano /

Hlavní autor: Borodin, Aleksandr Porfir‘jevič, 1833-1887
Další autoři: Rimskij-Korsakov, Nikolaj Andrejevič, 1844-1908
Jazyk: Nelze použít, není lingvistický obsah
Vydáno: Leipzig : Belaieff, 1913
Fyzický popis: 11, 3 s.
Hudebniny Hudebniny
Uloženo v:
LEADER 00900ncm a22002172a 4500
001 001224616
003 CZ BrMZK
005 20120620113859.0
007 qu
008 120620s1913 gw |||||||||||||||||zxx d
040 |a BOA001  |b cze 
072 7 |a 787  |x Hudba pro strunné a smyčcové nástroje  |2 Konspekt  |9 9 
100 1 |a Borodin, Aleksandr Porfir‘jevič,  |d 1833-1887  |7 jn19990210127  |4 cmp 
245 1 0 |a Nocturne téré du deuxiéms quatuor  |h [hudebnina] :  |b réduction pour violon et piano /  |c Aleksandr Porfir'evič Borodin ; transcript. pour violon seul et orchestre par N. Rimsky-Korsakov 
260 |a Leipzig :  |b Belaieff,  |c 1913 
300 |a 11, 3 s. 
700 1 |a Rimskij-Korsakov, Nikolaj Andrejevič,  |d 1844-1908  |7 jn19990210526  |4 arr 
910 |a BOA001  |b Mus4-0652.145 
990 |a MU 
991 |b 201206 
996 6 |b 2619092324  |c Mus4-0652.145  |l MZK  |r Sklad / do 1 hodiny  |n 0  |w 001258547  |u 000010  |a 1  |e BOA001  |j MZK50  |s P